000 01652nam0a2200373 4500
001 RU\NLR\BIBL_A\011547718
005 20241105071349.0
010 _a9785040896608
_95000
021 _aRU
_b2017-86531
_96185
035 _a(RuMoRGB)009454115
035 _a(NLR Aleph) 011547718
090 _a12228519
_c12228519
100 _a20171206d2017 u y0rusy50 ca
101 1 _arus
_ceng
102 _aRU
105 _aa z 001zy
200 1 _aПолное и исчерпывающее руководство Minecraft
_e[главная книга по Minecraft]
_fСтивен О'Брайен
_g[пер. с англ. М. А. Райтмана]
205 _a4-е изд., обновл. и доп.
210 _aМосква
_cЭксмо
_d2017
215 _a344 с.
_cцв. ил.
_d27
225 1 _aПодарочные издания
_iКомпьютер
300 _aЗагл. и авт. ориг.: The ultimate player's guide to Minecraft / Stephen O'Brien. 4th ed.
313 _aПо пред.изд. 2015г
320 _aПредм. указ.: с. 336-344
333 _a12+
454 1 _12001#$aThe ultimate player's guide to Minecraft
_1205#0$a4th ed.
_1700#0$aO'Brien,$bS.$gStephen$3RU\NLR\AUTH\770142576
_tThe ultimate player's guide to Minecraft
_aO'Brien,, Stephen
605 _aMINECRAFT, стратегическая компьютерная игра
_92221849
_3RU\NLR\AUTH\6601567209
686 _aЧ721,6(2)259с51,07
_2rubbk
686 1 _aЗ973.23-018.911
700 1 _7ca
_8eng
_aО'Брайен
_bС.
_gСтивен
_9142539
_3RU\NLR\AUTH\770142575
942 _cBOOK
980 _aNBR